| 000 | 01144nam a2200217Ia 4500 | ||
|---|---|---|---|
| 999 |
_c36860 _d36860 |
||
| 001 | 2809 | ||
| 003 | GE_BSU | ||
| 005 | 20190507123827.0 | ||
| 008 | 181216s2005||||ge |||||||||||||| ||geo|| | ||
| 040 | _cGE_BSU | ||
| 041 | _ageo | ||
| 080 | _a33(030) ე–49 | ||
| 245 |
_aეკონომიკის ენციკლოპედიური ლექსიკონი / _cავთანდილ სილაგაძის საერთო რედაქციით . ავტ. შემდგენლები: ავთანდილ სილაგაძე ; გივი გოშაძე ; ვლ.ზურაბიშვილი |
||
| 264 |
_aთბილისი . ; _bინოვაცია; _c2005. |
||
| 300 |
_a822 გვ.; _c29 სმ. |
||
| 653 | _aეკონომიკის ენციკლოპედიური ლექსიკონი | ||
| 653 | _aეკონომიკა | ||
| 700 |
_a სილაგაძე, ავთანდილ _eშემდგენელი _9863 |
||
| 700 |
_a გოშაძე, გივი _eშემდგენელი _9864 |
||
| 942 |
_cBK _2udc |
||